Abrams Tank Family - Statistics

General Stats
  • This quiz has been taken 14 times
  • The average score is 6 of 10
Answer Stats
Picture Answer % Correct
M1
100%
M1A1
92%
M1A2
92%
M1A2 SEP
75%
M1A2 SEPV3
58%
M1A2 SEPV4
58%
M1A1 HC
50%
XM1
50%
M1150
25%
M1IP
25%
No matching quizzes found
Score Distribution
Percent of People with Each Score
Percentile by Number Answered
Your Score History
You have not taken this quiz